Películas referenciadas en Los Simpson #2 - Estadísticas

Estadísticas generales
  • Esta prueba ha sido intentada 40 veces
    24 desde el último reinicio
  • La puntuación promedio es 8 de 20
Estadísticas de respuestas
Imagen Respuesta % Correcto
La dama y el vagabundo
100%
Frozen
95%
Blancanieves y los siete enanos
86%
El silencio de los inocentes
52%
El señor de los anillos: Las dos torres
48%
Taxi Driver
43%
Terminator
43%
Terminator 2: el juicio final
43%
La ventana indiscreta
38%
El bueno, el malo y el feo
33%
El origen
33%
Bajos instintos
29%
Thelma y Louise
29%
La novicia rebelde
24%
El Grinch
19%
Fiebre de sábado por la noche
19%
Atrapado sin salida
14%
Reservoir Dogs
14%
El proyecto de la bruja de Blair
5%
Rain Man
0%
No se encontraron pruebas coincidentes
Distribución de puntuación
Porcentaje de gente con cada puntuación
Porcentaje por número respondido
Historial de tus puntuaciones
No has intentado esta prueba desde el último reinicio